[Event "XV Festival A"]
[Site "Porto San Giorgio ITA"]
[Date "2003.08.27"]
[Round "7"]
[White "Esposito, Luca"]
[Black "Bighiu, Gheorghe"]
[Result "1/2-1/2"]
[WhiteElo "2202"]
[BlackElo "2126"]
[PlyCount "120"]
[EventDate "2003.08.21"]

1. d4 d5 2. c4 c6 3. Nc3 Nf6 4. cxd5 cxd5 5. Bf4 Nc6 6. e3 a6 7. Bd3 e6 8. Nf3
Bd6 9. O-O Bxf4 10. exf4 O-O 11. Rc1 Qd6 12. Qd2 b5 13. Rfe1 Bd7 14. Bc2 Rfc8
15. Ne5 Ne8 16. Qe3 Nxe5 17. fxe5 Qb4 18. Rb1 g6 19. Bd3 Ng7 20. Qf4 Ra7 21.
Re3 Qf8 22. g4 b4 23. Ne2 Bb5 24. Rh3 Bxd3 25. Rxd3 Rac7 26. Ng3 Rc2 27. Nf1
R8c7 28. Kg2 a5 29. Ne3 R2c6 30. Qf3 a4 31. Qd1 Qa8 32. Qe1 Qa6 33. Rdd1 b3 34.
axb3 axb3 35. Ra1 Qb7 36. Ra3 Ra6 37. Rda1 Rxa3 38. Rxa3 Rc8 39. Qa5 Rb8 40.
Qa4 Ne8 41. Nf1 Qb4 42. Ng3 Qxa4 43. Rxa4 Rc8 44. Rb4 Rc4 45. Rxb3 Rxd4 46. h3
Nc7 47. Kf3 Na6 48. Ke3 Rb4 49. Rxb4 Nxb4 50. f4 h6 51. Ne2 g5 52. f5 Nc6 53.
Nd4 Nxd4 54. Kxd4 Kf8 55. f6 Ke8 56. Kc5 Kd7 57. b4 Kc7 58. b5 Kd7 59. b6 d4
60. b7 Kc7 1/2-1/2

[Event "XV Festival A"]
[Site "Porto San Giorgio ITA"]
[Date "2003.08.27"]
[Round "7"]
[White "Glek, Igor V."]
[Black "Laketic, Gojko"]
[Result "1-0"]
[WhiteElo "2566"]
[BlackElo "2393"]
[PlyCount "65"]
[EventDate "2003.08.21"]

1. e4 Nf6 2. e5 Nd5 3. d4 d6 4. c4 Nb6 5. f4 dxe5 6. fxe5 c5 7. d5 e6 8. Nc3
exd5 9. cxd5 c4 10. d6 Be6 11. Nf3 Nc6 12. Bf4 h6 13. Nd4 Qd7 14. Be2 Nxd4 15.
Qxd4 Be7 16. a4 Bh4+ 17. g3 Bd8 18. a5 Qc6 19. O-O Nd7 20. Bf3 Qa6 21. Be3 O-O
22. Bd5 Re8 23. Ne4 Qb5 24. Nc3 Qa6 25. h4 Bxd5 26. Qxd5 Nxe5 27. Rf5 Bf6 28.
Bxh6 Qc6 29. Bg5 Bxg5 30. hxg5 Qxd5 31. Nxd5 g6 32. Nf6+ Kf8 33. Rxe5 1-0

[Event "XV Festival A"]
[Site "Porto San Giorgio ITA"]
[Date "2003.08.27"]
[Round "7"]
[White "Lauria, Amilcare"]
[Black "Ferri, Stefano"]
[Result "1-0"]
[WhiteElo "2174"]
[BlackElo "2069"]
[PlyCount "45"]
[EventDate "2003.08.21"]

1. e4 c6 2. d4 d5 3. e5 Bf5 4. Nf3 e6 5. Be2 c5 6. c3 Nc6 7. O-O Qb6 8. dxc5
Bxc5 9. b4 Be7 10. Qa4 Kf8 11. Na3 f6 12. Be3 Qc7 13. exf6 Bxf6 14. Nb5 Qb8 15.
Nbd4 Nge7 16. b5 Nxd4 17. cxd4 Kf7 18. Qb4 Rc8 19. Rac1 a5 20. Qa3 b6 21. Ng5+
Kg6 22. h4 h6 23. h5# 1-0

[Event "XV Festival A"]
[Site "Porto San Giorgio ITA"]
[Date "2003.08.27"]
[Round "7"]
[White "Maccario, Mauro"]
[Black "Gardon, Ermanno"]
[Result "1/2-1/2"]
[WhiteElo "1962"]
[BlackElo "2148"]
[PlyCount "64"]
[EventDate "2003.08.21"]

1. c4 Nf6 2. Nc3 e5 3. e4 Nc6 4. g3 Bc5 5. h3 d6 6. d3 Be6 7. Bg2 Nd4 8. Nf3 c6
9. O-O O-O 10. Nxd4 Bxd4 11. Ne2 Bb6 12. b3 Nd7 13. Kh2 f5 14. f4 Qe7 15. Bb2
Rad8 16. Qc2 h5 17. d4 fxe4 18. fxe5 dxe5 19. Qxe4 Nf6 20. Qxe5 Bc7 21. Qe3 h4
22. Nf4 hxg3+ 23. Kh1 Bxf4 24. Rxf4 Qd7 25. Qxg3 Rf7 26. Rxf6 Rxf6 27. d5 Qf7
28. Bxf6 Qxf6 29. Rf1 Bf5 30. Qf4 g6 31. dxc6 bxc6 32. Re1 Rd7 1/2-1/2

[Event "XV Festival A"]
[Site "Porto San Giorgio ITA"]
[Date "2003.08.27"]
[Round "7"]
[White "Mrdja, Milan"]
[Black "Lubbers, Johan"]
[Result "1-0"]
[WhiteElo "2384"]
[BlackElo "2129"]
[PlyCount "101"]
[EventDate "2003.08.21"]

1. e4 c5 2. Nf3 d6 3. d4 cxd4 4. Nxd4 Nf6 5. f3 g6 6. Nc3 Bg7 7. Be3 O-O 8. Qd2
Nc6 9. g4 Nxd4 10. Bxd4 Be6 11. O-O-O Qa5 12. a3 Rfc8 13. h4 a6 14. h5 b5 15.
hxg6 fxg6 16. g5 Nh5 17. Bxg7 Nxg7 18. Bh3 Rc5 19. Kb1 b4 20. Bxe6+ Nxe6 21.
Nd5 bxa3 22. Nxe7+ Kg7 23. Rxh7+ Kxh7 24. Qh2+ Kg7 25. Qh6+ Kf7 26. Qh7+ Ke8
27. Nxg6 Qc7 28. Qg8+ Kd7 29. Qf7+ Kc6 30. Qxe6 Kb7 31. Qb3+ Ka7 32. Nf4 Rb8
33. Qxa3 Rxc2 34. Nd3 Rc3 35. Qa4 Rc4 36. Qa2 Rb5 37. Rc1 Rxc1+ 38. Nxc1 Rxg5
39. Ne2 Qh7 40. Qe6 Qc7 41. Qb3 Rg2 42. Qd3 Qb6 43. Qc4 Rf2 44. Qf7+ Qb7 45.
Qc4 Rf1+ 46. Ka2 Rxf3 47. Nc3 Rf8 48. Qd4+ Ka8 49. Qxd6 Rb8 50. b4 Qxb4 51.
Qxa6# 1-0

[Event "XV Festival A"]
[Site "Porto San Giorgio ITA"]
[Date "2003.08.27"]
[Round "7"]
[White "Naumkin, Igor"]
[Black "Jones, Gawain C.B."]
[Result "1-0"]
[WhiteElo "2406"]
[BlackElo "2347"]
[PlyCount "55"]
[EventDate "2003.08.21"]

1. d4 Nf6 2. Nf3 c5 3. d5 b5 4. Bg5 Qb6 5. a4 bxa4 6. Nc3 Qxb2 7. Bd2 Qb7 8. e4
d6 9. Rb1 Qc7 10. e5 dxe5 11. Nb5 Qd8 12. Nxe5 a6 13. Nc3 e6 14. dxe6 Bxe6 15.
Qf3 Ra7 16. Bf4 Bd6 17. Rd1 O-O 18. Be2 Qc7 19. Qg3 Nc6 20. Rxd6 Qxd6 21. O-O
Nd4 22. Bd3 Qd8 23. Bg5 Nf5 24. Bxf5 Bxf5 25. Nc6 Qd7 26. Bxf6 Bg6 27. Ne7+ Kh8
28. Qe5 1-0

[Event "XV Festival A"]
[Site "Porto San Giorgio ITA"]
[Date "2003.08.27"]
[Round "7"]
[White "Nicora, Paolo"]
[Black "Goes, Dirk"]
[Result "1/2-1/2"]
[WhiteElo "1842"]
[BlackElo "2122"]
[PlyCount "35"]
[EventDate "2003.08.21"]

1. d4 e6 2. c4 b6 3. e4 Bb4+ 4. Nc3 Bb7 5. Bd3 Ne7 6. Nge2 O-O 7. a3 Bxc3+ 8.
Nxc3 Nbc6 9. Be3 f5 10. f3 fxe4 11. fxe4 e5 12. dxe5 Ng6 13. Qd2 Na5 14. Qc2
Nxe5 15. O-O-O Qe7 16. Nd5 Bxd5 17. exd5 Nxd3+ 18. Rxd3 1/2-1/2

[Event "XV Festival A"]
[Site "Porto San Giorgio ITA"]
[Date "2003.08.27"]
[Round "7"]
[White "Orlov, Andrey"]
[Black "Cocchi, Andrea"]
[Result "1-0"]
[WhiteElo "2391"]
[BlackElo "2292"]
[PlyCount "69"]
[EventDate "2003.08.21"]

1. e4 e6 2. d3 d5 3. Nd2 Nf6 4. Ngf3 b6 5. c3 Be7 6. Be2 O-O 7. O-O Ba6 8. e5
Nfd7 9. Re1 c5 10. Qa4 Qc7 11. Bf1 d4 12. cxd4 cxd4 13. Qxd4 Nc6 14. Qg4 Nb4
15. Nc4 Nc2 16. Bh6 g6 17. Bxf8 Rxf8 18. Rac1 Nxe1 19. Rxe1 Rd8 20. Qf4 Nc5 21.
d4 Bxc4 22. Bxc4 Nb7 23. Bd3 Na5 24. Be4 Qd7 25. Rc1 Kg7 26. h4 b5 27. b3 Ba3
28. Rd1 Qe7 29. h5 Rc8 30. d5 exd5 31. Bxd5 Nc6 32. h6+ Kg8 33. e6 fxe6 34.
Bxc6 Rxc6 35. Qb8+ 1-0

[Event "XV Festival A"]
[Site "Porto San Giorgio ITA"]
[Date "2003.08.27"]
[Round "7"]
[White "Saccona, Silvano"]
[Black "Ventura, Sergio"]
[Result "1/2-1/2"]
[WhiteElo "2098"]
[BlackElo "2173"]
[PlyCount "98"]
[EventDate "2003.08.21"]

1. e4 Nc6 2. Nc3 e6 3. Nf3 Bb4 4. Bb5 Nce7 5. a3 Bxc3 6. dxc3 Ng6 7. O-O b6 8.
Qe2 Nf6 9. Rd1 a6 10. Bc6 Rb8 11. e5 Nd5 12. Bg5 Nde7 13. Rd2 h6 14. Bxe7 Qxe7
15. Be4 O-O 16. Rad1 Nf4 17. Qc4 Qc5 18. Rd4 f5 19. Bd3 Ng6 20. b4 Qxc4 21.
Rxc4 c6 22. Rd4 Ne7 23. c4 g5 24. Rd6 Kg7 25. g3 Ng6 26. Re1 c5 27. c3 Nh8 28.
Bc2 Nf7 29. Rdd1 Bb7 30. Nd2 Rbd8 31. bxc5 bxc5 32. Nb3 Bf3 33. Rb1 Rc8 34. Nd2
Bc6 35. Rb6 Rb8 36. Rb3 g4 37. h4 gxh3 38. f4 Rxb3 39. Nxb3 Rb8 40. Nxc5 Rb2
41. Re2 Ra2 42. Kh2 Ra1 43. Kxh3 Bf3 44. Rf2 Rh1+ 45. Rh2 Rg1 46. Rf2 Rh1+ 47.
Rh2 Rg1 48. Rf2 Rh1+ 49. Rh2 Rg1 1/2-1/2

[Event "XV Festival A"]
[Site "Porto San Giorgio ITA"]
[Date "2003.08.27"]
[Round "7"]
[White "Tomescu, Vlad"]
[Black "Natoli, Domenico"]
[Result "1-0"]
[WhiteElo "2427"]
[BlackElo "1962"]
[PlyCount "65"]
[EventDate "2003.08.21"]

1. e4 c5 2. Nf3 d6 3. d4 cxd4 4. Nxd4 Nf6 5. Nc3 a6 6. Bc4 e6 7. Bb3 Be7 8. g4
h6 9. Rg1 Nh7 10. Be3 Qc7 11. Qe2 Bd7 12. O-O-O Nc6 13. f4 Na5 14. Kb1 Bf6 15.
h4 g5 16. hxg5 hxg5 17. f5 Nxb3 18. cxb3 b5 19. Rc1 Qb7 20. b4 Be5 21. Rh1 Ke7
22. Qd3 Rag8 23. Rh5 Nf6 24. Rxh8 Rxh8 25. Bxg5 Rg8 26. Nf3 Rxg5 27. Nxg5 Bf4
28. Rd1 Bxg5 29. Qxd6+ Kd8 30. Qf8+ Ne8 31. Qxf7 exf5 32. gxf5 Qc6 33. e5 1-0

[Event "XV Festival A"]
[Site "Porto San Giorgio ITA"]
[Date "2003.08.27"]
[Round "7"]
[White "Trent, Lawrence"]
[Black "Chatalbashev, Boris"]
[Result "0-1"]
[WhiteElo "2299"]
[BlackElo "2509"]
[PlyCount "78"]
[EventDate "2003.08.21"]

1. e4 c5 2. Nf3 g6 3. d4 cxd4 4. Qxd4 Nf6 5. Nc3 Nc6 6. Qa4 d6 7. e5 dxe5 8.
Nxe5 Bd7 9. Nxd7 Qxd7 10. Be3 Bg7 11. Rd1 Qc7 12. Be2 O-O 13. O-O a6 14. Qh4
Rfd8 15. a3 Rac8 16. Rxd8+ Rxd8 17. Rd1 Rxd1+ 18. Bxd1 Qd7 19. h3 Ne8 20. Qc4
Bxc3 21. Bg4 Ne5 22. Bxd7 Nxc4 23. bxc3 Nxe3 24. fxe3 Nd6 25. Kf2 Ne4+ 26. Ke2
e6 27. Bc8 Nc5 28. e4 Kf8 29. Ke3 Ke7 30. Kd4 Kd6 31. g4 b6 32. h4 f6 33. g5
fxg5 34. hxg5 Kc7 35. Bxa6 Nxa6 36. a4 Kc6 37. Ke5 Nc5 38. c4 Kd7 39. c3 Nxa4
0-1

[Event "XV Festival A"]
[Site "Porto San Giorgio ITA"]
[Date "2003.08.28"]
[Round "8"]
[White "Bighiu, Gheorghe"]
[Black "Sciortino, Massimo"]
[Result "1/2-1/2"]
[WhiteElo "2126"]
[BlackElo "2192"]
[PlyCount "83"]
[EventDate "2003.08.21"]

1. h3 e5 2. e4 Nf6 3. Nf3 Nc6 4. Nc3 Bc5 5. Nxe5 Nxe5 6. d4 Bd6 7. dxe5 Bxe5 8.
Bd3 O-O 9. O-O Bxc3 10. bxc3 d5 11. exd5 Qxd5 12. c4 Qc6 13. Bb2 b6 14. Qd2 Bb7
15. f3 Rad8 16. Qg5 h6 17. Qf5 Bc8 18. Qf4 Qc5+ 19. Kh2 Nh5 20. Qe5 Qxe5+ 21.
Bxe5 c5 22. Bb8 Rd7 23. Rfe1 Ba6 24. Be5 f6 25. Bf5 Rd2 26. Bc3 Rd6 27. Re4 g5
28. Be6+ Kh8 29. g3 Bb7 30. Re3 Ng7 31. Rae1 Nxe6 32. Rxe6 Rxe6 33. Rxe6 Bxf3
34. Rxf6 Rxf6 35. Bxf6+ Kg8 36. Bd8 Be2 37. Bc7 Bxc4 38. a3 Be2 39. Bb8 b5 40.
Bxa7 c4 41. g4 Kf7 42. Bd4 1/2-1/2

[Event "XV Festival A"]
[Site "Porto San Giorgio ITA"]
[Date "2003.08.28"]
[Round "8"]
[White "Campo, Renato"]
[Black "Rinaudo, Sergio"]
[Result "1-0"]
[WhiteElo "2142"]
[BlackElo "1846"]
[PlyCount "127"]
[EventDate "2003.08.21"]

1. d4 Nf6 2. c4 e6 3. Nc3 d5 4. cxd5 exd5 5. Bg5 Be7 6. e3 O-O 7. Bd3 c6 8. Qc2
h6 9. Bh4 Nh5 10. Bxe7 Qxe7 11. Nge2 b5 12. Rc1 Na6 13. Qb3 Nc7 14. O-O Bg4 15.
Ng3 Ne6 16. Nce2 Nxg3 17. Nxg3 Nd8 18. Bb1 Bd7 19. f3 Ne6 20. Qd3 g6 21. Ne2
Rac8 22. e4 Ng7 23. Ng3 Rfe8 24. Rfe1 Qb4 25. a3 Qd6 26. e5 Qf8 27. Qd2 Kh7 28.
b4 a5 29. f4 axb4 30. axb4 Ra8 31. f5 Ra4 32. e6 Bc8 33. fxg6+ fxg6 34. Qd3 Qf6
35. Rf1 Qg5 36. h4 Qg4 37. Rf4 Qxf4 38. Qxg6+ Kg8 39. Qh7+ Kf8 40. Rf1 Qxf1+
41. Kxf1 Bxe6 42. Bg6 Rea8 43. Qh8+ Bg8 44. Bh7 Kf7 45. Bxg8+ Rxg8 46. Qxh6
Ra1+ 47. Kf2 Ra2+ 48. Kf3 Ra3+ 49. Kf2 Ra2+ 50. Kg1 Ne6 51. Qh5+ Kf8 52. Qe5
Kf7 53. Ne2 Rb2 54. Kh1 Rxb4 55. g4 Rb2 56. g5 Re8 57. Qf6+ Kg8 58. g6 Ng7 59.
Ng1 Rb1 60. Qf7+ Kh8 61. h5 b4 62. h6 Rg8 63. hxg7+ Rxg7 64. Qf8+ 1-0

[Event "XV Festival A"]
[Site "Porto San Giorgio ITA"]
[Date "2003.08.28"]
[Round "8"]
[White "Cocchi, Andrea"]
[Black "Saccona, Silvano"]
[Result "1-0"]
[WhiteElo "2292"]
[BlackElo "2098"]
[PlyCount "25"]
[EventDate "2003.08.21"]

1. Nf3 d5 2. d4 Bg4 3. Ne5 Bf5 4. c4 Bxb1 5. Rxb1 dxc4 6. e3 e6 7. Qf3 Bb4+ 8.
Kd1 Nf6 9. Qxb7 Bd6 10. Qxa8 Bxe5 11. Bxc4 O-O 12. Ke2 h5 13. dxe5 1-0

[Event "XV Festival A"]
[Site "Porto San Giorgio ITA"]
[Date "2003.08.28"]
[Round "8"]
[White "Djingarova, Emilia"]
[Black "Cerquitella, Luca"]
[Result "1/2-1/2"]
[WhiteElo "2300"]
[BlackElo "2125"]
[PlyCount "90"]
[EventDate "2003.08.21"]

1. e4 e5 2. Nf3 Nc6 3. Bc4 Bc5 4. c3 Nf6 5. d3 d6 6. Nbd2 O-O 7. O-O a5 8. h3
Be6 9. Re1 Re8 10. Bb5 Bd7 11. Nf1 Ne7 12. Bxd7 Nxd7 13. Bg5 f6 14. Qb3+ Kh8
15. d4 Ng6 16. Bd2 Bb6 17. Ng3 Ndf8 18. Nf5 Ne6 19. Rad1 Qd7 20. Bc1 Rad8 21.
g3 Qf7 22. Kg2 a4 23. Qc2 Nef8 24. d5 Ra8 25. h4 Ne7 26. h5 Nxf5 27. exf5 Qxh5
28. Rh1 Qf7 29. Qe4 Kg8 30. Rh2 Qd7 31. Rdh1 Kf7 32. Qg4 e4 33. Nd4 Bxd4 34.
cxd4 Ra5 35. Bh6 gxh6 36. Rxh6 Re7 37. Qh5+ Kg8 38. Rxf6 Rg7 39. Qh6 Qe7 40.
Rh5 Rxd5 41. Rxf8+ Qxf8 42. Qe6+ Qf7 43. Qc8+ Qf8 44. Qe6+ Qf7 45. Qc8+ Qf8
1/2-1/2

[Event "XV Festival A"]
[Site "Porto San Giorgio ITA"]
[Date "2003.08.28"]
[Round "8"]
[White "Efimov, Igor"]
[Black "Trent, Lawrence"]
[Result "0-1"]
[WhiteElo "2479"]
[BlackElo "2299"]
[PlyCount "88"]
[EventDate "2003.08.21"]

1. d4 Nf6 2. c4 g6 3. Nc3 Bg7 4. Nf3 O-O 5. Bg5 c5 6. d5 a6 7. a4 h6 8. Bh4 d6
9. e3 e5 10. Nd2 Qe8 11. Be2 Nh7 12. Nde4 g5 13. Bg3 Qe7 14. f4 f5 15. Nf2 exf4
16. exf4 Bd4 17. O-O Be3 18. h3 gxf4 19. Bh2 Qh4 20. Qb3 Ng5 21. Ncd1 Bd4 22.
Kh1 Ne4 23. Qf3 Nd2 24. Qxf4 Qxf4 25. Bxf4 Nxf1 26. Bxf1 Rf6 27. Ra3 Nd7 28.
Rb3 Rb8 29. Nd3 b5 30. Nc1 bxa4 31. Ra3 Nb6 32. Ne2 Be5 33. Bxe5 dxe5 34. Nec3
Bd7 35. Be2 Rg6 36. Kh2 Kg7 37. Ne3 e4 38. g4 fxg4 39. Nxe4 Re8 40. Nxc5 g3+
41. Kg2 Bxh3+ 42. Kg1 Rg5 43. Bf1 Bxf1 44. Kxf1 Nxc4 0-1

[Event "XV Festival A"]
[Site "Porto San Giorgio ITA"]
[Date "2003.08.28"]
[Round "8"]
[White "Gardon, Ermanno"]
[Black "Ciuksyte, Dagne"]
[Result "0-1"]
[WhiteElo "2148"]
[BlackElo "2295"]
[PlyCount "56"]
[EventDate "2003.08.21"]

1. e4 c5 2. Nf3 e6 3. d4 cxd4 4. Nxd4 a6 5. c4 Nf6 6. Bd3 Qc7 7. Qe2 d6 8. Nc3
b6 9. f4 Nbd7 10. Nf3 Bb7 11. O-O Rd8 12. Kh1 g6 13. Ng5 h6 14. Nxe6 fxe6 15.
e5 dxe5 16. Bxg6+ Ke7 17. b3 Rg8 18. Ba3+ Nc5 19. fxe5 Rxg6 20. exf6+ Kf7 21.
Rg1 Rd3 22. Nd5 exd5 23. Rae1 Ne4 24. Bxf8 dxc4 25. Rgf1 Rh3 26. Qxc4+ Qxc4 27.
bxc4 Ng3+ 28. Kg1 Nxf1 0-1

[Event "XV Festival A"]
[Site "Porto San Giorgio ITA"]
[Date "2003.08.28"]
[Round "8"]
[White "Georgiev, Vladimir"]
[Black "Orlov, Andrey"]
[Result "1-0"]
[WhiteElo "2566"]
[BlackElo "2391"]
[PlyCount "155"]
[EventDate "2003.08.21"]

1. d4 d5 2. c4 e6 3. Nc3 Nf6 4. cxd5 exd5 5. Bg5 Be7 6. e3 O-O 7. Bd3 b6 8.
Nge2 Bb7 9. Qc2 h6 10. Bh4 c5 11. Rd1 Nc6 12. Bf5 c4 13. a3 Na5 14. O-O Qe8 15.
f3 g6 16. Bh3 Nh7 17. Bf2 Ng5 18. Nf4 Nxh3+ 19. Nxh3 Bf6 20. e4 dxe4 21. fxe4
Bg7 22. Rfe1 Bc8 23. Nf4 Bg4 24. Nfe2 Rd8 25. h3 Bc8 26. Ng3 Bb7 27. e5 Qe6 28.
Nge4 Kh7 29. Bh4 Rd7 30. Nd6 Bd5 31. Qa4 Rc7 32. Qb5 Ba8 33. d5 Qd7 34. Qxd7
Rxd7 35. e6 Rxd6 36. Be7 Bxc3 37. Bxd6 Bxe1 38. Bxf8 fxe6 39. dxe6 Bh4 40. e7
Bc6 41. Rd8 h5 42. e8=Q Bxe8 43. Rxe8 Bf6 44. Bb4 Bxb2 45. Re7+ Kg8 46. Bxa5
bxa5 47. a4 c3 48. Rc7 c2 49. Rxc2 Bd4+ 50. Kf1 Kg7 51. Rc6 Kh6 52. Rd6 Bb6 53.
Rd5 Kg7 54. Ke2 Kf6 55. Kd3 Ke6 56. Ke4 Kf6 57. g4 hxg4 58. hxg4 Ke6 59. Re5+
Kf6 60. Kd5 Bc7 61. g5+ Kf7 62. Re6 Bd8 63. Ra6 Bxg5 64. Rxa7+ Ke8 65. Rxa5 Kd7
66. Rb5 Kc7 67. Rb3 Bh4 68. a5 Bf2 69. Ke5 Kc6 70. Kf6 Kc7 71. Kxg6 Kc6 72. Kf5
Bg1 73. Ke6 Bc5 74. a6 Bb6 75. Rb1 Kc7 76. Kd5 Be3 77. Rb7+ Kc8 78. Kc6 1-0

[Event "XV Festival A"]
[Site "Porto San Giorgio ITA"]
[Date "2003.08.28"]
[Round "8"]
[White "Goes, Dirk"]
[Black "Di Martino, Antonio"]
[Result "1-0"]
[WhiteElo "2122"]
[BlackElo "1728"]
[PlyCount "61"]
[EventDate "2003.08.21"]

1. d4 d5 2. Bf4 Nf6 3. e3 Bf5 4. Nf3 e6 5. Ne5 h6 6. Bd3 Bxd3 7. Qxd3 c6 8. Nd2
Nbd7 9. O-O Be7 10. c4 O-O 11. h3 Nxe5 12. Bxe5 Bd6 13. Bxf6 Qxf6 14. c5 Bc7
15. f4 Rfc8 16. Rf2 b6 17. Nb3 a5 18. a4 Qe7 19. Rc1 Qd7 20. g4 Bd8 21. Rcf1 b5
22. axb5 cxb5 23. f5 Bf6 24. c6 Rxc6 25. Nc5 Qc7 26. fxe6 fxe6 27. Kg2 b4 28.
e4 Rc8 29. e5 Bxe5 30. Qg6 Bh2 31. Rf7 1-0

[Event "XV Festival A"]
[Site "Porto San Giorgio ITA"]
[Date "2003.08.28"]
[Round "8"]
[White "Jones, Gawain C.B."]
[Black "Cioara, Andrei Nestor"]
[Result "1/2-1/2"]
[WhiteElo "2347"]
[BlackElo "2394"]
[PlyCount "39"]
[EventDate "2003.08.21"]

1. e4 e6 2. d3 d5 3. Qe2 Nf6 4. Nf3 Be7 5. g3 b5 6. Bg2 O-O 7. O-O c5 8. e5
Nfd7 9. c3 Nc6 10. h4 Rb8 11. Bf4 c4 12. d4 b4 13. Ng5 h6 14. Nh3 bxc3 15. bxc3
Re8 16. Qg4 Kh8 17. Qh5 Kg8 18. Qg4 Kh8 19. Qh5 Kg8 20. Qg4 1/2-1/2

[Event "XV Festival A"]
[Site "Porto San Giorgio ITA"]
[Date "2003.08.28"]
[Round "8"]
[White "Kuljasevic, Davorin"]
[Black "Horvath, Peter"]
[Result "1-0"]
[WhiteElo "2419"]
[BlackElo "2092"]
[PlyCount "85"]
[EventDate "2003.08.21"]

1. d4 d5 2. c4 e6 3. Nc3 Bb4 4. Nf3 Nf6 5. cxd5 exd5 6. Bg5 Nbd7 7. e3 c5 8.
Bd3 Qa5 9. Qc2 c4 10. Bf5 O-O 11. O-O Re8 12. Nd2 g6 13. Bxd7 Nxd7 14. a3 Bxc3
15. bxc3 Nb6 16. f3 Bd7 17. Rfe1 Na4 18. Rac1 Re6 19. Bf4 Rae8 20. e4 b5 21.
Be5 Bc6 22. f4 f6 23. f5 gxf5 24. exf5 R6e7 25. Nf3 Qd8 26. Qf2 Rf7 27. Bf4 Re4
28. Bh6 Qd6 29. Nd2 Rxe1+ 30. Rxe1 Re7 31. Re3 Rxe3 32. Qxe3 Kf7 33. g4 Bd7 34.
Qf3 Be8 35. g5 Ke7 36. gxf6+ Qxf6 37. Qe3+ Kd7 38. Bg5 Qd6 39. Nf3 Bh5 40. Ne5+
Kc8 41. Qh3 Be8 42. f6+ Kb8 43. f7 1-0

[Event "XV Festival A"]
[Site "Porto San Giorgio ITA"]
[Date "2003.08.28"]
[Round "8"]
[White "Laketic, Gojko"]
[Black "Cristiani, Cesare"]
[Result "1-0"]
[WhiteElo "2393"]
[BlackElo "2137"]
[PlyCount "99"]
[EventDate "2003.08.21"]

1. d4 Nf6 2. c4 c5 3. d5 d6 4. Nc3 g6 5. e4 Bg7 6. Nf3 O-O 7. h3 e6 8. Bd3 exd5
9. exd5 Re8+ 10. Be3 Na6 11. O-O Nc7 12. a4 b6 13. Qd2 a6 14. Bg5 Rb8 15. Rfe1
Bd7 16. Qf4 Rxe1+ 17. Rxe1 Nce8 18. g4 h5 19. Rxe8+ Qxe8 20. Bxf6 hxg4 21. Bxg7
Kxg7 22. hxg4 Qe7 23. b3 Rd8 24. Ne4 f5 25. gxf5 Bxf5 26. Nh4 Bxe4 27. Bxe4 Rf8
28. Qg4 Qf6 29. Qg3 Rh8 30. Qxg6+ Qxg6+ 31. Nxg6 Rh3 32. f3 Kf6 33. Kg2 Rh6 34.
f4 Rh7 35. Kg3 Rg7 36. Kg4 Rg8 37. Kf3 Rg7 38. Nh4 Rg8 39. Nf5 Rd8 40. Ke3 Rd7
41. Ng3 Rd8 42. Nh5+ Kf7 43. Bf5 Rh8 44. Be6+ Ke7 45. Ng3 Rh2 46. Nf5+ Kd8 47.
Nxd6 Rb2 48. Nf7+ Ke7 49. f5 Rxb3+ 50. Ke4 1-0

[Event "XV Festival A"]
[Site "Porto San Giorgio ITA"]
[Date "2003.08.28"]
[Round "8"]
[White "Lauria, Amilcare"]
[Black "Aleksic, Nenad"]
[Result "0-1"]
[WhiteElo "2174"]
[BlackElo "2292"]
[PlyCount "94"]
[EventDate "2003.08.21"]

1. e4 c5 2. Nf3 d6 3. d4 cxd4 4. Nxd4 Nf6 5. Nc3 a6 6. Be3 e6 7. f3 b5 8. Qd2
Nbd7 9. O-O-O Bb7 10. g4 Nb6 11. Qf2 Nfd7 12. h4 Rc8 13. Bd3 Rxc3 14. bxc3 Qc7
15. Nb3 Na4 16. Bd2 d5 17. exd5 Bxd5 18. Be4 Ndb6 19. Rhe1 Qd6 20. Be3 Qa3+ 21.
Kd2 Nc4+ 22. Ke2 Bxe4 23. fxe4 Nxc3+ 24. Kf1 Nxd1 25. Rxd1 Nxe3+ 26. Qxe3 Be7
27. Qc3 O-O 28. g5 g6 29. Rd7 Bb4 30. Qd4 e5 31. Qa1 Re8 32. Rd3 Bf8 33. Rd5
Qb4 34. Qe1 Qc4+ 35. Qe2 Qc7 36. Nc1 Rc8 37. Nd3 Bg7 38. Rc5 Qd7 39. Rxc8+ Qxc8
40. Kg2 Qc4 41. Nc1 Qe6 42. Kg3 h6 43. Nb3 hxg5 44. hxg5 Bf8 45. Qd3 Qb6 46.
Qd2 Qg1+ 47. Qg2 Qe3+ 0-1

[Event "XV Festival A"]
[Site "Porto San Giorgio ITA"]
[Date "2003.08.28"]
[Round "8"]
[White "Ortega, Lexy"]
[Black "Mrdja, Milan"]
[Result "1-0"]
[WhiteElo "2437"]
[BlackElo "2384"]
[PlyCount "71"]
[EventDate "2003.08.21"]

1. Nf3 Nf6 2. c4 g6 3. Nc3 Bg7 4. g3 O-O 5. Bg2 d5 6. cxd5 Nxd5 7. O-O Nc6 8.
d4 Nb6 9. d5 Na5 10. Qc2 c6 11. dxc6 Nxc6 12. Rd1 Bd7 13. Be3 Nc4 14. Bf4 Rc8
15. Rac1 Qe8 16. b3 Nb6 17. Qd2 Bf5 18. Bh6 Rd8 19. Qe3 Rxd1+ 20. Rxd1 Qc8 21.
Bxg7 Kxg7 22. Nb5 Rd8 23. Nfd4 Bh3 24. Rc1 Bxg2 25. Kxg2 Nd5 26. Qf3 Qb8 27.
Nxc6 bxc6 28. Nd4 Rc8 29. Qe4 e5 30. Nf3 f6 31. h4 h5 32. Ne1 Rc7 33. Nd3 Kf7
34. Kf1 Qc8 35. Rd1 Nc3 36. Qc4+ 1-0

[Event "XV Festival A"]
[Site "Porto San Giorgio ITA"]
[Date "2003.08.28"]
[Round "8"]
[White "Roeder, Matthias"]
[Black "Glek, Igor V."]
[Result "0-1"]
[WhiteElo "2451"]
[BlackElo "2566"]
[PlyCount "82"]
[EventDate "2003.08.21"]

1. Nf3 d6 2. d4 Nf6 3. c4 g6 4. Nc3 Bf5 5. Nh4 Bd7 6. Nf3 Bg7 7. e4 O-O 8. Be2
c5 9. d5 e6 10. O-O exd5 11. exd5 Re8 12. h3 Na6 13. Bd3 Nc7 14. a4 Na6 15. Nb5
Nb4 16. Bb1 Bxb5 17. axb5 Nd7 18. Ra3 Nb6 19. b3 a6 20. bxa6 bxa6 21. Bg5 Bf6
22. Qd2 Nd7 23. Bf4 Ne5 24. Nxe5 Bxe5 25. Bg5 f6 26. Bh4 Qe7 27. Ra4 Rab8 28.
Kh1 Bd4 29. f4 Qe2 30. Qxe2 Rxe2 31. f5 g5 32. Bg3 Rbe8 33. h4 g4 34. h5 R8e3
35. Kh2 Rxb3 36. Rf4 Rxb1 37. Rxg4+ Kh8 38. Ra3 Rf1 39. Bxd6 Bg1+ 40. Kg3 Rxf5
41. h6 Bf2+ 0-1

[Event "XV Festival A"]
[Site "Porto San Giorgio ITA"]
[Date "2003.08.28"]
[Round "8"]
[White "Rotstein, Arkadij"]
[Black "Miladinovic, Igor"]
[Result "1/2-1/2"]
[WhiteElo "2544"]
[BlackElo "2609"]
[PlyCount "250"]
[EventDate "2003.08.21"]

1. c4 e5 2. g3 Nc6 3. Bg2 g6 4. Nc3 Bg7 5. Rb1 a5 6. a3 Nf6 7. b4 axb4 8. axb4
O-O 9. e3 Re8 10. Nge2 Nd4 11. O-O Nxe2+ 12. Qxe2 c6 13. Bb2 d5 14. cxd5 cxd5
15. Ra1 Rb8 16. Nb5 Qb6 17. Rfc1 Bg4 18. Qf1 Ne4 19. Nc7 Nxd2 20. Nxd5 Qe6 21.
Qb5 Red8 22. e4 Nb3 23. h3 Nxc1 24. Rxc1 Qd7 25. Qc5 b6 26. Nxb6 Qd2 27. Nc4
Qxb4 28. Qxb4 Rxb4 29. hxg4 Rc8 30. Nd2 Rxc1+ 31. Bxc1 Ra4 32. Nf1 Bf8 33. Be3
h6 34. Bf3 Kg7 35. Kg2 Rc4 36. Nd2 Rc3 37. Be2 Bc5 38. Nb1 Rb3 39. Bxc5 Rxb1
40. Bd6 f6 41. Bc4 g5 42. Bd5 Rc1 43. Kf3 Rc3+ 44. Ke2 Rc2+ 45. Ke3 Rb2 46. Bc5
Rc2 47. Ba7 Kg6 48. Kd3 Rc1 49. Be3 Rc7 50. Bc4 h5 51. gxh5+ Kxh5 52. Be6 Kg6
53. Bf5+ Kf7 54. Ke2 Rb7 55. Kf3 Rb4 56. Kg4 Ra4 57. Kh5 Kg7 58. Kg4 Kf7 59.
Kf3 Rb4 60. Bd7 Rc4 61. Bb5 Rb4 62. Bc6 Kg6 63. Kg4 Rb8 64. Ba7 Rc8 65. Bb5 Ra8
66. Bc5 Rc8 67. Bd6 Rd8 68. Be7 Rb8 69. Bc4 Rc8 70. Be6 Rb8 71. Bd6 Rd8 72.
Bf5+ Kf7 73. Bc5 Ra8 74. f4 gxf4 75. gxf4 exf4 76. Kxf4 Ra5 77. Bd4 Ra4 78. Be3
Ra5 79. Bd7 Rh5 80. Bc6 Ra5 81. Bd4 Rh5 82. Bd5+ Kg6 83. Bb6 Rh3 84. Bc5 Rc3
85. Bb4 Rd3 86. Be6 Rd4 87. Bc5 Rd2 88. Ke3 Rd8 89. Bd4 Re8 90. Bf5+ Kf7 91.
Kd3 Ra8 92. Kc4 Ra2 93. Bc5 Rd2 94. Kb5 Rd1 95. Kc6 Rd2 96. Bd6 Re2 97. Kd7 Re1
98. Be6+ Kg6 99. Bd5 Ra1 100. Bc5 Ra5 101. Kd6 Ra6+ 102. Ke7 Ra4 103. Bf2 Kg5
104. Be3+ Kg6 105. Bc6 Rc4 106. Kd6 Rc3 107. Bc5 Kg5 108. Bd5 Kg6 109. Bb4 Rc8
110. Ke6 Re8+ 111. Be7 Rb8 112. Bd6 Rb6 113. Ke7 Ra6 114. Bc5 Ra4 115. Bc6 Rc4
116. Kd6 Rc1 117. Bd5 Ra1 118. Ke7 Ra4 119. Bb6 Kg7 120. Bf2 Kg6 121. Bc6 Rb4
122. Ke6 Rc4 123. Be8+ Kg7 124. Kf5 Rc8 125. Bd7 Rc7 1/2-1/2